Historia social de la literatura española

Uloženo v:
Podrobná bibliografie
Hlavní autoři: Blanco Aguinaga, Carlos (Autor), Rodríguez Puértolas, Julio (Autor), Zavala, Iris M (Autor)
Médium: Kniha
Jazyk:španělština
Vydáno: Madrid Castalia 1979
Témata:
Tagy: Přidat tag
Žádné tagy, Buďte první, kdo vytvoří štítek k tomuto záznamu!

MARC

LEADER 00000nam a2200000 a 4500
001 UCQ6070
003 CL-VaPUC
008 981009e19790000SP |||||||||||||||||spa|d
082 0 4 |a 860.9  |b BLA  |2 21 
100 0 |a Blanco Aguinaga, Carlos  |e author  |9 420020 
700 0 |a Rodríguez Puértolas, Julio  |e author  |9 420021 
700 0 |a Zavala, Iris M  |e author  |9 420022 
245 1 0 |a Historia social de la literatura española 
300 |a 3 v 
942 |c BK 
945 |d 19981009 00:00:00  |a lriquelm 
260 |a Madrid  |b Castalia  |c 1979 
650 0 |a Literatura española  |9 306261 
650 0 |a Aspectos sociales  |9 254894 
650 0 |a Historia y crítica   |9 257407 
583 |a last modification  |c 19981009 00:00:00  |k Rodrigo Vera 
999 |c 276073  |d 276071 
952 |0 0  |1 0  |4 0  |6 860_900000000000000_BLA_1979  |7 0  |8 A  |9 313199  |a BIBEDU  |b BIBEDU  |d 2019-11-20  |h v.1  |i 1474669  |o 860.9 BLA 1979  |p 1474669  |r 2019-11-20  |w 2019-11-20  |y BK  |k LIT 
952 |0 0  |1 0  |4 0  |6 860_900000000000000_BLA_1979  |7 0  |8 A  |9 313200  |a BIBEDU  |b BIBEDU  |d 2019-11-20  |h v.2  |i 1478567  |o 860.9 BLA 1979  |p 1478567  |r 2019-11-20  |w 2019-11-20  |y BK  |k LIT